| 000 | 00580nam a2200205 a 4500 | ||
|---|---|---|---|
| 003 | AR-BaBNM | ||
| 005 | 20251128210451.0 | ||
| 008 | 082120s2002 ||||||||||||||000 | spa|| | ||
| 040 | _cAR-BaBNM | ||
| 110 | 2 | _aNational Council of Teachers of Mathematics [Estados Unidos] | |
| 245 | 0 | 0 | _aGeometría informal |
| 250 | _a1ª ed. | ||
| 260 |
_aMéxico, D.F. _bTrillas _bCentro Regional de Ayuda Técnica _c1970 |
||
| 300 | _a84 p. | ||
| 490 | 0 |
_aTemas de matemáticas _vv. 14 |
|
| 650 | 4 | _aENSEÑANZA DE LAS MATEMATICAS | |
| 650 | 4 | _aGEOMETRIA | |
| 942 | _cBK | ||
| 998 | _claura | ||
| 999 |
_c15560 _d15560 |
||